000 003900000a22001690004500
003 LK-CoMWRAF
005 20231010141640.0
008 230817t ||||| |||| 00| 0 eng d
040 _aLK-CoMWRAF
_dLK-CoMWRAF
_eLK-CoMWRAF
041 _aeng
082 _a297
_bMYS
245 _aThe Mystic ties of parent & child
260 _bAAZEFP,
300 _a116p
650 _aIslam
942 _cBK
999 _c2314
_d2314